| 000 | 00469 a2200145 4500 | ||
|---|---|---|---|
| 020 | _a9698961011 | ||
| 040 |
_aDLC _bDLC |
||
| 082 | _a340.3795491 | ||
| 245 |
_aManual of university laws in Pakistan _cDr. Captain U. A. G. Isani, Dr.Mohammad Latif Virk |
||
| 260 |
_aKarachi : _bIqra University, _c2006. |
||
| 300 |
_a3 v., (various paging). : _c27 cm. |
||
| 650 | _aUniversity law -- Pakistan. | ||
| 700 | _aIsani, U. A. G., Dr. Captain | ||
| 942 |
_cBK _k340.3795491 ISA _2ddc |
||
| 999 |
_c4831 _d4831 |
||